ARRUPE JESUIT UNIVERSITY

CORONAVIRUS -STOP THE SPREAD - CLEAN,DISINFECT,COVER

Memoirs : (Record no. 120422)

MARC details
000 -LEADER
fixed length control field 01161cam a2200301 a 4500
001 - CONTROL NUMBER
control field 11924291
003 - CONTROL NUMBER IDENTIFIER
control field ARRUPE
005 - DATE AND TIME OF LATEST TRANSACTION
control field 20140422172433.0
008 - FIXED-LENGTH DATA ELEMENTS--GENERAL INFORMATION
fixed length control field 000228s2000 mau b 001 0aeng
010 ## - LIBRARY OF CONGRESS CONTROL NUMBER
LC control number 00028083
020 ## - INTERNATIONAL STANDARD BOOK NUMBER
International Standard Book Number 1879007266 (pbk.)
040 ## - CATALOGING SOURCE
Original cataloging agency DLC
Transcribing agency DLC
Modifying agency DLC
041 1# - LANGUAGE CODE
Language code of text/sound track or separate title eng
Language code of original and/or intermediate translations of text ita
050 00 - LIBRARY OF CONGRESS CALL NUMBER
Classification number BX4705.L4325
Item number A3 2000
082 00 - DEWEY DECIMAL CLASSIFICATION NUMBER
Classification number 271/.102
-- B
Edition number 21
300 ## - PHYSICAL DESCRIPTION
Dimensions 23 cm.
100 1# - MAIN ENTRY--PERSONAL NAME
Personal name Leclercq, Jean,
Dates associated with a name 1911-1993.
9 (RLIN) 9926
240 10 - UNIFORM TITLE
Uniform title <a href="Di grazia a grazia.">Di grazia a grazia.</a>
Language of a work English
245 10 - TITLE STATEMENT
Title Memoirs :
Remainder of title from grace to grace /
Statement of responsibility, etc Jean Leclercq ; foreword by Inos Biffi ; translated by Paul C. Duggan.
250 ## - EDITION STATEMENT
Edition statement 1st ed.
260 ## - PUBLICATION, DISTRIBUTION, ETC. (IMPRINT)
Place of publication, distribution, etc Petersham, Mass. :
Name of publisher, distributor, etc St. Bede's Publications,
Date of publication, distribution, etc c2000.
300 ## - PHYSICAL DESCRIPTION
Extent xiv, 194 p. ;
504 ## - BIBLIOGRAPHY, ETC. NOTE
Bibliography, etc Includes bibliographical references and index.
600 10 - SUBJECT ADDED ENTRY--PERSONAL NAME
Personal name Leclercq, Jean,
Dates associated with a name 1911-1993.
9 (RLIN) 9927
610 20 - SUBJECT ADDED ENTRY--CORPORATE NAME
Corporate name or jurisdiction name as entry element Benedictines
Form subdivision Biography.
9 (RLIN) 9928
906 ## - LOCAL DATA ELEMENT F, LDF (RLIN)
a 7
b cbc
c orignew
d 1
e ocip
f 20
g y-gencatlg
942 ## - ADDED ENTRY ELEMENTS (KOHA)
Source of classification or shelving scheme Library of Congress Classification
Koha item type Monograph ( Printed materials)
Holdings
Withdrawn status Lost status Source of classification or shelving scheme Damaged status Not for loan Collection code Home library Current library Shelving location Date acquired Total Checkouts Full call number Barcode Date last seen Price effective from Koha item type
    Library of Congress Classification     Main Collection ARRUPE LIBRARY ARRUPE LIBRARY Main Collection 22/04/2014   BX4705.L4325 A3 2000 46500002033 22/11/2017 22/04/2014 Monograph ( Printed materials)

 

Arrupe Library. PO Box MP320 Mt Pleasant, Harare, Zimbabwe
263 242 745411|librarian@aju.ac.zw